[Event "Sao Paulo-C U1700 op 5th"]
[Site "Sao Paulo"]
[Date "2016.10.16"]
[Round "5.14"]
[White "Ivanovic, Sebastian"]
[Black "Schultz, Rauanda"]
[Result "0-1"]
[WhiteElo "1491"]
[BlackElo "1603"]
[PlyCount "54"]
[EventDate "2016.10.13"]
[EventType "swiss"]
[EventRounds "6"]
[EventCountry "BRA"]
[SourceTitle "EXT 2022"]
[Source "ChessBase"]
[SourceDate "2021.10.06"]
[SourceVersion "1"]
[SourceVersionDate "2021.10.06"]
[SourceQuality "1"]

1. d4 d5 2. c4 e6 3. e3 c6 4. Nf3 Nf6 5. Nc3 Bd6 6. cxd5 exd5 7. Bd3 0-0 8. 0-0 Re8 9. Qc2 Bg4 10. Bd2 Bh5 11. Ne2 Ne4 12. Ng3 Bg6 13. Bc3 Nd7 14. Nd2 f5 15. Rae1 Ndf6 16. Ndxe4 Nxe4 17. Nxe4 fxe4 18. Be2 Qh4 19. h3 Rf8 20. Qd2 Rf5 21. f4 exf3 22. Bxf3 Qg3 23. Rd1 Bh5 24. Qc2 Qh2+ 25. Kf2 Rxf3+ 26. Ke1 Rxe3+ 27. Kd2 Re2+ 0-1

[Event "Sao Paulo-C U1700 op 5th"]
[Site "Sao Paulo"]
[Date "2016.10.16"]
[Round "6.22"]
[White "Ohara, Matheus Kendi"]
[Black "Ivanovic, Sebastian"]
[Result "1-0"]
[WhiteElo "1800"]
[BlackElo "1491"]
[PlyCount "111"]
[EventDate "2016.10.13"]
[EventType "swiss"]
[EventRounds "6"]
[EventCountry "BRA"]
[SourceTitle "EXT 2022"]
[Source "ChessBase"]
[SourceDate "2021.10.06"]
[SourceVersion "1"]
[SourceVersionDate "2021.10.06"]
[SourceQuality "1"]

1. e4 c5 2. Nf3 d6 3. d4 cxd4 4. Nxd4 Nf6 5. Nc3 g6 6. Be3 Bg7 7. Bc4 0-0 8. f3 Nc6 9. Qd2 a6 10. Bb3 Nxd4 11. Bxd4 Be6 12. Bxe6 fxe6 13. 0-0-0 Nd7 14. Bxg7 Kxg7 15. h4 h5 16. g4 Nf6 17. gxh5 Nxh5 18. Rdg1 Qa5 19. Rg5 e5 20. Rhg1 Nf4 21. h5 Rf6 22. hxg6 Rh8 23. R5g3 Rh6 24. a3 Rfxg6 25. Rxg6+ Rxg6 26. Rxg6+ Kxg6 27. Ne2 Qxd2+ 28. Kxd2 e6 29. c4 Nxe2 30. Kxe2 Kg5 31. b4 b6 32. Ke3 a5 33. Ke2 a4 34. Kf1 Kh4 35. Kg2 Kh5 36. Kh3 Kg5 37. Kg3 Kh5 38. f4 exf4+ 39. Kxf4 Kg6 40. e5 Kf7 41. exd6 Kf6 42. c5 bxc5 43. bxc5 e5+ 44. Ke3 Ke6 45. Ke4 Kf6 46. c6 Ke6 47. d7 Ke7 48. Kxe5 Kd8 49. Ke6 Kc7 50. Ke7 Kxc6 51. d8Q Kb5 52. Qc7 Ka6 53. Qb8 Ka5 54. Kd6 Ka6 55. Kc6 Ka5 56. Qa7# 1-0

[Event "BRA-ch Amateur U1800"]
[Site "Sao Paulo"]
[Date "2016.05.29"]
[Round "7"]
[White "Kojima, Fukashi"]
[Black "Ivanovic, Sebastian"]
[Result "1-0"]
[WhiteElo "1702"]
[BlackElo "1427"]
[PlyCount "54"]
[EventDate "2016.05.26"]
[EventType "swiss"]
[EventRounds "7"]
[EventCountry "BRA"]
[SourceTitle "EXT 2019"]
[Source "ChessBase"]
[SourceDate "2018.10.10"]
[SourceVersion "1"]
[SourceVersionDate "2018.10.10"]
[SourceQuality "1"]

1. Nf3 Nf6 2. g3 g6 3. Bg2 Bg7 4. 0-0 0-0 5. d3 d6 6. Nbd2 e5 7. e4 Nc6 8. h3 Bh6 9. Nc4 Bxc1 10. Qxc1 Kg7 11. c3 Be6 12. Ne3 Qd7 13. Ng5 h6 14. Nxe6+ fxe6 15. Kh2 h5 16. Qd1 d5 17. a3 d4 18. Nc2 dxc3 19. bxc3 Rad8 20. Ne1 g5 21. Qd2 Kg6 22. Rd1 Na5 23. Nf3 Nc4 24. Qxg5+ Kh7 25. dxc4 Qxd1 26. Rxd1 Rxd1 27. Nxe5 Rd2 1-0

[Event "Sao Paulo ECP B"]
[Site "Sao Paulo"]
[Date "2016.04.16"]
[Round "5.1"]
[White "Dutra, Liliam Guedes"]
[Black "Ivanovic, Sebastian"]
[Result "1-0"]
[WhiteElo "1587"]
[BlackElo "1427"]
[PlyCount "71"]
[EventDate "2016.03.12"]
[EventType "tourn"]
[EventRounds "11"]
[EventCountry "BRA"]
[SourceTitle "EXT 2022"]
[Source "ChessBase"]
[SourceDate "2021.10.06"]
[SourceVersion "1"]
[SourceVersionDate "2021.10.06"]
[SourceQuality "1"]

1. d4 Nf6 2. c4 e6 3. Nf3 d5 4. Nc3 Bb4 5. Bg5 0-0 6. cxd5 Bxc3+ 7. bxc3 exd5 8. e3 Qd6 9. Be2 Ne4 10. Bf4 Qb6 11. Qc2 c6 12. 0-0 Bg4 13. Rfc1 Nd7 14. Rab1 Qa5 15. Rxb7 Nb6 16. h3 Bd7 17. Ne5 Nd6 18. Rxb6 axb6 19. Nxd7 Rfd8 20. Ne5 Rdc8 21. Bg4 Rf8 22. Nxc6 Qa3 23. Rb1 Nc4 24. Nb4 Qa5 25. Bf3 Na3 26. Qb3 Nxb1 27. Qxb1 Rfd8 28. Qf5 Ra7 29. Nc6 Qxa2 30. Nxd8 Qa1+ 31. Kh2 Qxc3 32. Bxd5 g6 33. Bxf7+ Kf8 34. Bd6+ Kg7 35. Ne6+ Kh6 36. Qg5# 1-0

[Event "Sao Paulo ECP op 6th"]
[Site "Sao Paulo"]
[Date "2015.10.25"]
[Round "5"]
[White "Ivanovic, Sebastian"]
[Black "Do Valle Cardoso, Lucas"]
[Result "1-0"]
[WhiteElo "1441"]
[BlackElo "1800"]
[PlyCount "79"]
[EventDate "2015.10.23"]
[EventType "swiss"]
[EventRounds "6"]
[EventCountry "BRA"]
[SourceTitle "CBM 169 Extra"]
[Source "ChessBase"]
[SourceDate "2015.12.18"]
[SourceVersion "1"]
[SourceVersionDate "2015.12.18"]
[SourceQuality "1"]

1. d4 d5 2. c4 c6 3. Nf3 Nf6 4. e3 Bf5 5. Nc3 e6 6. cxd5 exd5 7. Bd3 Bxd3 8. Qxd3 Bd6 9. 0-0 Nbd7 10. Re1 0-0 11. e4 Bb4 12. e5 Ne4 13. Bd2 Bxc3 14. Bxc3 Nb6 15. Nd2 Nxd2 16. Bxd2 f6 17. Bf4 fxe5 18. Bxe5 Nc4 19. b3 Nxe5 20. dxe5 Qb6 21. Qe3 Qxe3 22. Rxe3 Rfe8 23. f4 g6 24. g4 d4 25. Re4 c5 26. Rd1 Rad8 27. f5 Rd5 28. Rde1 b5 29. f6 Kf7 30. g5 Ke6 31. Rf1 Rxe5 32. Rxe5+ Kf7 33. Rxe8 Kxe8 34. Kf2 c4 35. bxc4 bxc4 36. Ke2 Kf7 37. Kd2 a5 38. a4 Kf8 39. f7 d3 40. Kc3 1-0

[Event "Sao Paulo Esporte CC-A"]
[Site "Sao Paulo"]
[Date "2015.05.23"]
[Round "5"]
[White "Ivanovic, Sebastian"]
[Black "Chiaretti, Flavio Mario"]
[Result "0-1"]
[WhiteElo "1991"]
[BlackElo "2061"]
[PlyCount "54"]
[EventDate "2015.04.11"]
[EventType "swiss"]
[EventRounds "7"]
[EventCountry "BRA"]
[SourceTitle "EXT 2017"]
[Source "ChessBase"]
[SourceDate "2016.10.25"]
[SourceVersion "1"]
[SourceVersionDate "2016.10.25"]
[SourceQuality "1"]

1. d4 Nf6 2. c4 c5 3. d5 b5 4. cxb5 a6 5. bxa6 Bxa6 6. Nc3 d6 7. Nf3 g6 8. g3 Bg7 9. Bg2 0-0 10. 0-0 Nbd7 11. Qc2 Ng4 12. h3 Nge5 13. Nd2 Qa5 14. Nb3 Qb6 15. Nd2 Rfb8 16. b3 Qb4 17. Bb2 c4 18. f4 cxb3 19. axb3 Qd4+ 20. Kh1 Nd3 21. exd3 Bxd3 22. Rxa8 Bxc2 23. Rxb8+ Nxb8 24. Nde4 Bxe4 25. Bxe4 Qd2 26. Rc1 Qxb2 27. Rc2 Qa1+ 0-1

[Event "BRA-ch Amateur"]
[Site "Sao Paulo"]
[Date "2015.04.02"]
[Round "4"]
[White "Ivanovic, Sebastian"]
[Black "Queiroz, Stella Becker"]
[Result "1/2-1/2"]
[WhiteElo "1424"]
[BlackElo "1728"]
[PlyCount "62"]
[EventDate "2015.04.30"]
[EventType "swiss"]
[EventRounds "7"]
[EventCountry "BRA"]
[SourceTitle "EXT 2022"]
[Source "ChessBase"]
[SourceDate "2021.10.06"]
[SourceVersion "1"]
[SourceVersionDate "2021.10.06"]
[SourceQuality "1"]

1. d4 d5 2. c4 e6 3. Nf3 Nf6 4. Nc3 Be7 5. cxd5 exd5 6. e3 c6 7. Bd3 Bg4 8. 0-0 0-0 9. h3 Bh5 10. g4 Bg6 11. Bxg6 hxg6 12. Re1 Nbd7 13. g5 Ne4 14. h4 Kh7 15. Qc2 Re8 16. Nxe4 dxe4 17. Nd2 f5 18. f4 Bb4 19. a3 Bxd2 20. Bxd2 Qe7 21. Kg2 Nb6 22. Rh1 Qf7 23. Rh3 Rh8 24. Bb4 Nd5 25. Qb3 Qd7 26. Rah1 Kg8 27. h5 gxh5 28. Rxh5 Rxh5 29. Rxh5 Qf7 30. Rh3 Qg6 31. Ba5 b6 1/2-1/2

[Event "Sao Paulo op-B 2nd"]
[Site "Sao Paulo"]
[Date "2015.02.07"]
[Round "4"]
[White "Penha, Evelyn Maximiano"]
[Black "Ivanovic, Sebastian"]
[Result "1-0"]
[WhiteElo "1695"]
[BlackElo "1394"]
[PlyCount "65"]
[EventDate "2015.02.05"]
[EventType "swiss"]
[EventRounds "6"]
[EventCountry "BRA"]
[SourceTitle "CBM 164 Extra"]
[Source "ChessBase"]
[SourceDate "2015.03.02"]
[SourceVersion "1"]
[SourceVersionDate "2015.03.02"]
[SourceQuality "1"]

1. e4 c5 2. Nf3 d6 3. d4 cxd4 4. Nxd4 Nf6 5. Nc3 g6 6. f3 Bg7 7. Be3 0-0 8. Qd2 Bd7 9. 0-0-0 Nc6 10. g4 Ne5 11. h4 h5 12. gxh5 Nxh5 13. Rg1 Rc8 14. Be2 Nc4 15. Bxc4 Rxc4 16. f4 e5 17. Nb3 Rc6 18. f5 Kh7 19. fxg6+ fxg6 20. Qg2 Qf6 21. Nd5 Qf7 22. Rdf1 Qe8 23. Rxf8 Bxf8 24. Qg5 Qf7 25. Nd2 Be6 26. Rf1 Qg8 27. Ne7 Qg7 28. Rxf8 Rc7 29. Rh8+ Kxh8 30. Nxg6+ Kg8 31. Qd8+ Kh7 32. Nf8+ Kg8 33. Nxe6+ 1-0

[Event "Sao Paulo op-B 2nd"]
[Site "Sao Paulo"]
[Date "2015.02.06"]
[Round "2"]
[White "Ivanovic, Sebastian"]
[Black "Dias, Joao Batista de Sou"]
[Result "0-1"]
[WhiteElo "1394"]
[BlackElo "1819"]
[PlyCount "68"]
[EventDate "2015.02.05"]
[EventType "swiss"]
[EventRounds "6"]
[EventCountry "BRA"]
[SourceTitle "CBM 164 Extra"]
[Source "ChessBase"]
[SourceDate "2015.03.02"]
[SourceVersion "1"]
[SourceVersionDate "2015.03.02"]
[SourceQuality "1"]

1. d4 d5 2. c4 c6 3. Nf3 Nf6 4. e3 g6 5. Nc3 Bg7 6. Be2 0-0 7. 0-0 Nbd7 8. Bd2 Re8 9. cxd5 cxd5 10. Bd3 e5 11. dxe5 Nxe5 12. Nxe5 Rxe5 13. f4 Re7 14. h3 d4 15. Ne2 dxe3 16. Bb4 Rd7 17. Nc1 e2 18. Qxe2 Qb6+ 19. Bc5 Qxc5+ 20. Kh1 Re7 21. Qf3 Bf5 22. Nb3 Qd5 23. Qxd5 Nxd5 24. Bxf5 gxf5 25. Rab1 Rc8 26. Rf2 Rc4 27. g3 Rce4 28. Nc5 Re1+ 29. Rxe1 Rxe1+ 30. Kg2 Bd4 31. Rd2 Ne3+ 32. Kf2 Rf1+ 33. Ke2 Bxc5 34. Rd3 Rb1 0-1